5HLuxD.jpg

KING HENRY VIII SENIOR AND PRIMARY SCHOOL LIBRARY OPAC

Tiger's voyage / (Record no. 841)

000 -LEADER
fixed length control field 01377cam a2200289 a 4500
001 - CONTROL NUMBER
control field .b20111964
003 - CONTROL NUMBER IDENTIFIER
control field OCoLC
005 - DATE AND TIME OF LATEST TRANSACTION
control field 20191223110028.0
008 - FIXED-LENGTH DATA ELEMENTS--GENERAL INFORMATION
fixed length control field 110705s2011 enk 000 1 eng d
015 ## - NATIONAL BIBLIOGRAPHY NUMBER
National bibliography number GBB183761
Source bnb
020 ## - INTERNATIONAL STANDARD BOOK NUMBER
International Standard Book Number 9781444734645 (pbk.)
035 ## - SYSTEM CONTROL NUMBER
System control number (OCoLC)751801187
Canceled/invalid control number (OCoLC)761344074
-- (OCoLC)861263264
040 ## - CATALOGING SOURCE
Original cataloging agency UKMGB
Language of cataloging eng
Transcribing agency UKMGB
Modifying agency NZGPL
-- OCLCQ
-- OCLCO
-- NZUPM
-- AU@
-- BDX
-- AUMCS
-- TWFJU
042 ## - AUTHENTICATION CODE
Authentication code nbic
082 ## - DEWEY DECIMAL CLASSIFICATION NUMBER
Classification number FIC HOU
100 1# - MAIN ENTRY--PERSONAL NAME
Personal name Houck, Colleen.
Relator term author
245 10 - TITLE STATEMENT
Title Tiger's voyage /
Statement of responsibility, etc. by Colleen Houck.
260 ## - PUBLICATION, DISTRIBUTION, ETC.
Place of publication, distribution, etc. London :
Name of publisher, distributor, etc. Hodder & Stoughton,
Date of publication, distribution, etc. 2011.
300 ## - PHYSICAL DESCRIPTION
Extent 543 p. ;
Dimensions 20 cm.
440 ## - SERIES STATEMENT/ADDED ENTRY--TITLE
Title Tiger Saga ;
Number of part/section of a work bk. 3.
520 ## - SUMMARY, ETC.
Summary, etc. With the head-to-head battle against the villainous Lokesh behind her, Kelsey confronts a new heartbreak: in the wake of his traumatic experience, her beloved Ren no longer remembers who she is. As the trio continues their quest by challenging five cunning and duplicitous dragons, Ren and Kishan once more vie for her affections - leaving Kelsey more confused than ever. Fraught with danger, filled with magic, and packed with romance, Tiger's Voyage brings Kelsey and her two tiger princes one step closer to breaking the curse.
600 10 - SUBJECT ADDED ENTRY--PERSONAL NAME
Personal name Houck, Colleen.
Title of a work Tiger's voyage.
650 #0 - SUBJECT ADDED ENTRY--TOPICAL TERM
Topical term or geographic name entry element Fantasy.
651 #0 - SUBJECT ADDED ENTRY--GEOGRAPHIC NAME
Geographic name India
Form subdivision Juvenile fiction.
655 #0 - INDEX TERM--GENRE/FORM
Genre/form data or focus term Fantasy fiction.
942 ## - ADDED ENTRY ELEMENTS (KOHA)
Source of classification or shelving scheme
Koha item type Books - Fiction
Holdings
Withdrawn status Lost status Source of classification or shelving scheme Damaged status Not for loan Collection code Permanent Location Current Location Shelving location Date acquired Total Checkouts Full call number Barcode Date last seen Date last checked out Price effective from Koha item type
          Fiction KH8 Senior School Library KH8 Senior School Library Fiction 2019-12-23 1 FIC HOU 3KHSL000101592 2024-07-16 2022-02-14 2019-12-23 Books - Fiction

Powered By KH8 IT Dept